[Event "SG Niederkassel 1 - SF Lieme 1"]
[Site "NRW-Klasse. Gruppe 1 2017/201"]
[Date "2018.02.18"]
[Round "6.8"]
[White "Kuhn, Andreas"]
[Black "Stork, Joachim"]
[Result "1-0"]
[WhiteElo "1821"]
[BlackElo "1938"]
[Annotator "Daniel"]
[PlyCount "121"]
[EventDate "2018.??.??"]
[WhiteTeam "SG Niederkassel 1"]
[BlackTeam "SF Lieme 1"]

1. Nf3 f5 2. g3 Nf6 3. Bg2 d6 4. d4 e6 5. O-O Be7 6. c4 O-O 7. Nc3 a5 8. b3 Ne4
9. Bb2 Qe8 10. Qc2 Nxc3 11. Bxc3 Nc6 12. a3 Bf6 13. d5 Nd8 14. Bxf6 Rxf6 15.
dxe6 Nxe6 16. e3 Qh5 17. Rfd1 Bd7 18. Nd4 Rh6 19. h4 Nxd4 20. Rxd4 Bc6 21. Qd1
Qxd1+ 22. Raxd1 Bxg2 23. Kxg2 $11 b6 24. Kf3 Re6 25. Rd5 g6 26. a4 Rae8 27.
R1d2 Kf7 28. R5d3 Re5 29. Rd4 h6 30. Rd1 Ke6 31. R4d3 Kd7 32. Rd5 Kc6 33. R1d3
g5 34. hxg5 hxg5 35. g4 fxg4+ 36. Kxg4 R8e7 $11 37. Rxe5 Rxe5 38. f4 gxf4 39.
exf4 Re8 40. f5 Rg8+ 41. Kh5 Kd7 42. Re3 c6 43. f6 Re8 44. f7 Rxe3 45. f8=Q
Rxb3 46. c5 Rb4 47. Qxd6+ Kc8 48. Qxc6+ Kb8 49. cxb6 Rh4+ 50. Kg5 Rh5+ 51. Kf4
Rh4+ 52. Ke5 Rh5+ 53. Kd4 Rh4+ 54. Kc5 Rc4+ 55. Kb5 Rxc6 56. Kxc6 Kc8 57. Kb5
Kb7 58. Kxa5 Kb8 59. Ka6 Ka8 60. b7+ Kb8 61. a5 1-0

[Event "SC Rochade Emsdetten 1 - SV Erkenschwic"]
[Site "NRW-Klasse. Gruppe 1 2017/201"]
[Date "2018.02.18"]
[Round "6.1"]
[White "Ris, Robert"]
[Black "Kabatianski, Alexander"]
[Result "0-1"]
[WhiteElo "2381"]
[BlackElo "2307"]
[Annotator "Daniel"]
[PlyCount "58"]
[EventDate "2018.??.??"]
[WhiteTeam "SV Erkenschwick 1"]
[BlackTeam "SC Rochade Emsdetten 1"]

1. d4 Nf6 2. c4 e6 3. Nf3 b6 4. a3 Bb7 5. Nc3 d5 6. cxd5 Nxd5 7. Qc2 Nxc3 8.
bxc3 Nd7 9. e4 c5 10. Bd3 Qc8 11. Bb2 Ba6 12. O-O Bxd3 13. Qxd3 Be7 14. d5 c4
15. Qe2 e5 16. a4 a6 17. Rfd1 Qc7 18. Nd2 Rc8 $11 19. Nf1 Bc5 20. Ne3 Bxe3 21.
Qxe3 Nc5 22. Ba3 Nd3 23. Rab1 Rb8 24. Qh3 h5 25. Qg3 f6 26. Qg6+ Qf7 27. Qf5
Qd7 28. Qg6+ Kd8 29. a5 Nf4 0-1

[Event "SC Rochade Emsdetten 1 - SV Erkenschwic"]
[Site "NRW-Klasse. Gruppe 1 2017/201"]
[Date "2018.02.18"]
[Round "6.2"]
[White "Hiller, Simon"]
[Black "Erwich, Frank"]
[Result "1/2-1/2"]
[WhiteElo "2113"]
[BlackElo "2313"]
[PlyCount "53"]
[EventDate "2018.??.??"]
[WhiteTeam "SC Rochade Emsdetten 1"]
[BlackTeam "SV Erkenschwick 1"]

1. Nf3 Nf6 2. c4 e6 3. g3 d5 4. b3 Be7 5. Bg2 O-O 6. O-O b6 7. Bb2 Bb7 8. e3 c5
9. Nc3 Qc8 10. Rc1 Rd8 11. Qc2 Nc6 12. cxd5 Nb4 13. Qb1 Nbxd5 14. Nxd5 Bxd5 15.
d3 Qb7 16. e4 Bc6 17. Ne5 Be8 18. Rfd1 Rac8 19. d4 cxd4 20. Rxc8 Qxc8 21. Rxd4
Bc5 22. Rxd8 Qxd8 23. Qd3 Qc7 24. Qc3 Qd8 25. Qd3 Qc7 26. Qc3 Qd8 27. Qd3
1/2-1/2

[Event "SC Rochade Emsdetten 1 - SV Erkenschwic"]
[Site "NRW-Klasse. Gruppe 1 2017/201"]
[Date "2018.02.18"]
[Round "6.3"]
[White "Van Beek, Alexander"]
[Black "De Groote, Ewoud"]
[Result "1/2-1/2"]
[WhiteElo "2229"]
[BlackElo "2266"]
[PlyCount "80"]
[EventDate "2018.??.??"]
[WhiteTeam "SV Erkenschwick 1"]
[BlackTeam "SC Rochade Emsdetten 1"]

1. e4 e5 2. Nf3 Nc6 3. Bc4 Nf6 4. d3 Bc5 5. O-O O-O 6. Nbd2 d6 7. a4 a6 8. c3
Ba7 9. h3 Be6 10. Re1 Re8 11. Bxe6 Rxe6 12. Qb3 Rb8 13. Nf1 d5 14. Ne3 Bxe3 15.
Bxe3 dxe4 16. Ng5 Re7 17. Nxe4 Qxd3 18. Ba7 Nxa7 19. Rad1 Qxd1 20. Nxf6+ gxf6
21. Qxd1 Nc6 22. Qf3 Re6 23. Re4 Ne7 24. Rg4+ Kh8 25. Rh4 Ng6 26. Rc4 c6 27. g3
Rd8 28. Rb4 b5 29. axb5 axb5 30. Re4 Rd2 31. b3 Red6 32. c4 R2d3 33. Re3 bxc4
34. bxc4 Rxe3 35. Qxe3 Kg7 36. h4 h6 37. Qc5 Re6 38. Kg2 Ne7 39. Qe3 Nf5 40.
Qe4 Ne7 1/2-1/2

[Event "SC Rochade Emsdetten 1 - SV Erkenschwic"]
[Site "NRW-Klasse. Gruppe 1 2017/201"]
[Date "2018.02.18"]
[Round "6.4"]
[White "Lehmann, Holger"]
[Black "Langers, Alexander"]
[Result "1/2-1/2"]
[WhiteElo "2168"]
[BlackElo "2166"]
[PlyCount "130"]
[EventDate "2018.??.??"]
[WhiteTeam "SC Rochade Emsdetten 1"]
[BlackTeam "SV Erkenschwick 1"]

1. d4 d5 2. c4 e6 3. Nc3 c6 4. Nf3 Nf6 5. e3 Nbd7 6. Bd3 Bd6 7. O-O O-O 8. Qc2
dxc4 9. Bxc4 e5 10. a4 exd4 11. exd4 Nb6 12. Ba2 Nbd5 13. Nxd5 Nxd5 14. Ng5 g6
15. Qe4 h6 16. Nf3 Re8 17. Ne5 Bf8 18. Qf3 Be6 19. Bd2 Bg7 20. Rfe1 h5 21. h3
Nf6 22. Bxe6 Rxe6 23. Bc3 Qd5 24. Qf4 Rae8 25. a5 Qd6 26. Re3 Qf8 27. Rf3 Bh6
28. Qg3 Qg7 29. h4 Ne4 30. Qh3 f6 31. Nd3 Qe7 32. Nc5 Nxc5 33. dxc5 Qxc5 34.
Rxf6 Rxf6 35. Bxf6 Rf8 36. Qc3 Qxc3 37. Bxc3 Rd8 38. Ra4 Kf7 39. Rc4 Rd1+ 40.
Kh2 Ke6 41. a6 bxa6 42. Rxc6+ Rd6 43. Rc7 Bf4+ 44. g3 Be5 45. Bxe5 Kxe5 46. Kg2
Rb6 47. Rxa7 Ke4 48. Rd7 a5 49. Rd2 Rb3 50. Rd6 Rxb2 51. Rxg6 Rb5 52. Ra6 Kd3
53. g4 Kc3 54. gxh5 Rxh5 55. Kg3 Kb3 56. Kg4 Rb5 57. h5 a4 58. h6 a3 59. h7 Rb8
60. Rb6+ Rxb6 61. h8=Q a2 62. f4 Rb4 63. Kg5 Ka3 64. Qc3+ Rb3 65. Qd4 Rb1
1/2-1/2

[Event "SC Rochade Emsdetten 1 - SV Erkenschwic"]
[Site "NRW-Klasse. Gruppe 1 2017/201"]
[Date "2018.02.18"]
[Round "6.5"]
[White "Homs, Guust"]
[Black "Paalman, Henk-Jan"]
[Result "0-1"]
[WhiteElo "2152"]
[BlackElo "2123"]
[Annotator "Daniel"]
[PlyCount "92"]
[EventDate "2018.??.??"]
[WhiteTeam "SV Erkenschwick 1"]
[BlackTeam "SC Rochade Emsdetten 1"]

1. e4 e6 2. d4 d5 3. Nc3 Bb4 4. Nge2 dxe4 5. a3 Bxc3+ 6. Nxc3 Nc6 7. Bb5 Nge7
8. Bg5 f6 9. Be3 O-O 10. Qd2 f5 11. O-O-O Nd5 12. Nxd5 Qxd5 13. c4 Qd6 14. Bf4
e5 15. dxe5 Qe7 16. Qc3 Be6 17. h4 a6 18. Ba4 Qc5 19. Bxc6 bxc6 20. Be3 $11
Qxc4 21. Qxc4 Bxc4 22. Rd7 Rf7 23. Rhd1 Bd5 24. Rxf7 Kxf7 25. g3 Ke6 26. Kc2
Rb8 27. b4 a5 28. Rb1 a4 29. Kc3 Bb3 30. Rb2 Rd8 31. Rd2 Rg8 32. Re2 h6 33. Re1
Kxe5 34. Bf4+ Kd5 35. Bxc7 g5 36. hxg5 hxg5 37. Rh1 Rg7 38. Bb8 e3 39. fxe3 Ke4
40. Rh6 Rd7 41. Rxc6 Rd3+ 42. Kb2 Rxe3 43. Rg6 Re2+ 44. Kb1 Kd3 45. Rxg5 Kc3
46. Bf4 Re1+ 0-1

[Event "SC Rochade Emsdetten 1 - SV Erkenschwic"]
[Site "NRW-Klasse. Gruppe 1 2017/201"]
[Date "2018.02.18"]
[Round "6.6"]
[White "Mueller, Achim"]
[Black "Van Zutphen, Jimmy"]
[Result "0-1"]
[WhiteElo "2002"]
[BlackElo "2176"]
[PlyCount "112"]
[EventDate "2018.??.??"]
[WhiteTeam "SC Rochade Emsdetten 1"]
[BlackTeam "SV Erkenschwick 1"]

1. e4 c5 2. d4 cxd4 3. c3 dxc3 4. Nxc3 Nc6 5. Nf3 d6 6. Bc4 e6 7. O-O Nf6 8.
Qe2 Be7 9. Rd1 e5 10. Be3 O-O 11. h3 Be6 12. Rac1 Rc8 13. Bd5 Nd7 14. a3 a6 15.
b4 Bxd5 16. Nxd5 Nf6 17. Bb6 Qe8 18. Rc2 Nxd5 19. exd5 Nb8 20. Rdc1 Rxc2 21.
Qxc2 Qb5 22. Qc7 Bd8 23. Qxb8 Qxb6 24. Rc8 e4 25. Nd4 g6 26. Nc2 Be7 27. Qc7
Qb5 28. Ne3 Kg7 29. Qxe7 Rxc8 30. Ng4 Qe8 31. Qf6+ Kf8 32. Qxd6+ Qe7 33. Qf4
Rd8 34. Qh6+ Kg8 35. Qf4 f5 36. Ne3 Rd6 37. g4 fxg4 38. Nxg4 Kg7 39. Qh6+ Kg8
40. Ne3 Qf6 41. Ng4 Qa1+ 42. Kh2 Qg7 43. Qg5 b6 44. Nh6+ Kf8 45. Ng4 Qe7 46.
Qf4+ Kg7 47. Qh6+ Kg8 48. Qf4 a5 49. bxa5 bxa5 50. Kg2 a4 51. Kg3 Kg7 52. Kg2
Rxd5 53. Qc1 Qc5 54. Qh6+ Kh8 55. Nf6 Rg5+ 56. Kh1 Qc1+ 0-1

[Event "SC Rochade Emsdetten 1 - SV Erkenschwic"]
[Site "NRW-Klasse. Gruppe 1 2017/201"]
[Date "2018.02.18"]
[Round "6.7"]
[White "Eggenstein, Frank"]
[Black "Lemli, Thomas"]
[Result "1/2-1/2"]
[WhiteElo "1973"]
[BlackElo "1976"]
[Annotator "Daniel"]
[PlyCount "131"]
[EventDate "2018.??.??"]
[WhiteTeam "SV Erkenschwick 1"]
[BlackTeam "SC Rochade Emsdetten 1"]

1. e4 c6 2. d4 d5 3. Nc3 dxe4 4. Nxe4 Nd7 5. Bc4 Ngf6 6. Nxf6+ Nxf6 7. c3 Qc7
8. Qb3 e6 9. Nf3 Bd6 10. O-O O-O 11. Re1 b6 12. Bg5 Bb7 13. Rac1 Nd5 14. Bh4 c5
15. Bg3 Nf4 16. Qd1 Rad8 17. Bf1 Ng6 18. Qe2 Bf4 19. Rcd1 Bxg3 20. hxg3 Bxf3
21. gxf3 cxd4 22. cxd4 Rd6 23. Rd3 Rfd8 24. Red1 Ne7 25. f4 R8d7 26. Bg2 Qd8
27. Qe4 h6 28. Kf1 Rd5 29. Bh3 R7d6 30. Ke2 g6 31. a3 Kg7 32. R1d2 $11 Nc6 33.
Kf1 Rxd4 34. Rxd4 Rxd4 35. Rxd4 Nxd4 36. Qb7 a5 37. Qe4 Qd6 38. Bg2 Nb3 39. Qc2
Nc5 40. Qc3+ Kg8 41. Ke2 g5 42. fxg5 hxg5 43. Qf6 Qd3+ 44. Ke1 Qb1+ 45. Kd2
Qd3+ 46. Ke1 Ne4 47. Bxe4 Qxe4+ 48. Kf1 Qh1+ 49. Ke2 Qe4+ 50. Kf1 Qd3+ 51. Kg1
Qd1+ 52. Kh2 Qd5 53. Kg1 Qd1+ 54. Kh2 Qd5 55. Kg1 $11 Kf8 56. Kf1 Ke8 57. Ke2
Qe4+ 58. Kf1 Qd5 59. Ke2 Qe4+ 60. Kf1 g4 61. Kg1 Qb1+ 62. Kg2 Qe4+ 63. Kg1 Qb1+
64. Kg2 Qe4+ 65. Kg1 Qb1+ 66. Kg2 1/2-1/2

[Event "SC Rochade Emsdetten 1 - SV Erkenschwic"]
[Site "NRW-Klasse. Gruppe 1 2017/201"]
[Date "2018.02.18"]
[Round "6.8"]
[White "Bahr, Maximilian"]
[Black "Strozewski, Frank"]
[Result "0-1"]
[WhiteElo "1676"]
[BlackElo "1960"]
[PlyCount "56"]
[EventDate "2018.??.??"]
[WhiteTeam "SC Rochade Emsdetten 1"]
[BlackTeam "SV Erkenschwick 1"]

1. d4 d6 2. c4 g6 3. e4 Bg7 4. Nf3 Nc6 5. Be3 Bg4 6. Be2 e5 7. d5 Nce7 8. Nc3
Bxf3 9. Bxf3 f5 10. exf5 gxf5 11. O-O Nf6 12. Re1 O-O 13. Bg5 Kh8 14. Qc2 b6
15. Re3 h6 16. Bh4 Ng6 17. Bg3 e4 18. Bd1 f4 19. Bxf4 Nxf4 20. Nxe4 Qd7 21.
Nxf6 Bxf6 22. Qe4 Bxb2 23. Rb1 Be5 24. h3 Qf5 25. Bg4 Qxe4 26. Rxe4 h5 27. Bf3
Nxh3+ 28. Kh1 Nxf2+ 0-1

[Event "Brühler SK 1 - Düsseldorfer SK 2"]
[Site "NRW-Klasse. Gruppe 1 2017/201"]
[Date "2018.02.18"]
[Round "6.1"]
[White "Harff, Marcel"]
[Black "Loifenfeld, Jakov"]
[Result "1/2-1/2"]
[WhiteElo "2372"]
[BlackElo "2413"]
[PlyCount "38"]
[EventDate "2018.??.??"]
[WhiteTeam "Düsseldorfer SK 2"]
[BlackTeam "Brühler SK 1"]

1. c4 e5 2. Nc3 Nc6 3. e3 Nf6 4. Nf3 d6 5. d4 Be7 6. Be2 O-O 7. a3 exd4 8. Nxd4
Re8 9. b3 Nxd4 10. Qxd4 c6 11. O-O Be6 12. e4 Nd7 13. Qd3 Bf6 14. Bb2 a5 15.
Qc2 Nc5 16. b4 Na6 17. Na2 Be5 18. Rfd1 Qf6 19. Rab1 Bxb2 1/2-1/2

[Event "Brühler SK 1 - Düsseldorfer SK 2"]
[Site "NRW-Klasse. Gruppe 1 2017/201"]
[Date "2018.02.18"]
[Round "6.2"]
[White "Schiffer, Stefan"]
[Black "Hainke, Guntram"]
[Result "0-1"]
[WhiteElo "2198"]
[BlackElo "2303"]
[Annotator "Daniel"]
[PlyCount "136"]
[EventDate "2018.??.??"]
[WhiteTeam "Brühler SK 1"]
[BlackTeam "Düsseldorfer SK 2"]

1. Nf3 Nf6 2. c4 e6 3. g3 d5 4. Bg2 Be7 5. O-O O-O 6. Qc2 c5 7. cxd5 Nxd5 8.
Nc3 Nc6 9. d3 b6 10. Rd1 Bb7 11. Nxd5 Qxd5 12. Be3 e5 13. Qc4 Qd7 14. Qa4 Rad8
15. a3 Bd6 16. Qh4 f6 17. Bh3 Qf7 18. Qa4 Rfe8 19. Rd2 Bb8 20. Bg2 Na5 21. Rdd1
Nb3 22. Rab1 Bd5 23. Re1 e4 24. Nd2 Nxd2 25. Bxd2 exd3 26. Bxd5 Qxd5 27. exd3
Kf7 28. Rbd1 Rxe1+ 29. Rxe1 Qxd3 30. Bc3 h6 31. Qg4 $11 Qd7 32. Qc4+ Qd5 33.
Qe2 Kg8 34. Qe7 Qd6 35. Qe4 Qd7 36. h4 Bd6 37. Qg6 Qf7 38. Qf5 Bf8 39. Kg2 Qd5+
40. Qxd5+ Rxd5 41. Re8 h5 42. Ra8 Rd7 43. a4 Kf7 44. Kf3 g6 45. Rb8 Bd6 46. Ra8
Ke6 47. Rg8 Kf5 48. Re8 Re7 49. Rd8 Be5 50. Bxe5 Kxe5 51. Ke3 Ke6 52. Ke4 Rc7
53. Re8+ Kf7 54. Rd8 Re7+ 55. Kd3 g5 56. Rd6 gxh4 57. gxh4 Kg6 58. a5 bxa5 59.
Rc6 Rb7 60. Rxc5 Rxb2 61. f4 a4 62. Ra5 Rb4 63. Ke3 Rb3+ 64. Kf2 a3 65. f5+ Kf7
66. Rxa7+ Ke8 67. Ke1 Rh3 68. Kd1 a2 0-1

[Event "Brühler SK 1 - Düsseldorfer SK 2"]
[Site "NRW-Klasse. Gruppe 1 2017/201"]
[Date "2018.02.18"]
[Round "6.4"]
[White "Schaefer, Juergen"]
[Black "von Buenau, Heinrich"]
[Result "1-0"]
[WhiteElo "2164"]
[BlackElo "2182"]
[PlyCount "95"]
[EventDate "2018.??.??"]
[WhiteTeam "Brühler SK 1"]
[BlackTeam "Düsseldorfer SK 2"]

1. e4 e6 2. d4 d5 3. Nc3 Nc6 4. Nf3 Nf6 5. Bg5 Be7 6. e5 Ne4 7. Bxe7 Qxe7 8. a3
Bd7 9. Qd3 Nxc3 10. Qxc3 f6 11. Qe3 O-O-O 12. Bb5 Kb8 13. Bxc6 Bxc6 14. O-O-O
Be8 15. Rhe1 f5 16. Rd3 h6 17. Qd2 g5 18. Qb4 Rh7 19. Rb3 b6 20. g3 Rc8 21. h4
Bh5 22. hxg5 Bxf3 23. Qxe7 Rxe7 24. Rxf3 hxg5 25. Rh1 c5 26. Rd3 c4 27. Rdd1 c3
28. b3 g4 29. Rh6 Rf8 30. Rd3 Rc7 31. Rxe6 f4 32. Rf6 Rxf6 33. exf6 Rf7 34.
Rxc3 Rxf6 35. Kd1 Re6 36. gxf4 Re4 37. Rd3 Rxf4 38. Ke2 Re4+ 39. Kf1 Kc7 40. c3
Kd6 41. Re3 Rf4 42. a4 a5 43. Kg2 Rf8 44. Kg3 Rf7 45. b4 b5 46. axb5 a4 47. Re8
a3 48. Ra8 1-0

[Event "Brühler SK 1 - Düsseldorfer SK 2"]
[Site "NRW-Klasse. Gruppe 1 2017/201"]
[Date "2018.02.18"]
[Round "6.6"]
[White "Gramb, Marius"]
[Black "Hoenig, Alexander"]
[Result "1/2-1/2"]
[WhiteElo "2041"]
[BlackElo "2133"]
[PlyCount "136"]
[EventDate "2018.??.??"]
[WhiteTeam "Brühler SK 1"]
[BlackTeam "Düsseldorfer SK 2"]

1. d4 d5 2. c4 c6 3. Nf3 Nf6 4. e3 a6 5. Bd3 dxc4 6. Bxc4 b5 7. Bd3 e6 8. Qc2
Bb7 9. O-O Nbd7 10. a4 Nd5 11. Bd2 Nb4 12. Bxb4 Bxb4 13. Be4 Rc8 14. Qb3 Bd6
15. axb5 axb5 16. Nc3 Qb6 17. Bd3 O-O 18. Ng5 h6 19. Nf3 Rfd8 20. Rfc1 Bb8 21.
Be4 Nf6 22. Na4 Qc7 23. Nc5 Nxe4 24. Nxe4 Qe7 25. Nc5 Bd6 26. Ra7 Bxc5 27. Rxc5
Ra8 28. Rxa8 Rxa8 29. Rc1 c5 30. Qxb5 Bxf3 31. gxf3 cxd4 32. exd4 Qf6 33. Qc6
Ra5 34. Qc8+ Kh7 35. Qc2+ g6 36. Qc3 Rh5 37. Re1 Qf4 38. Re4 Qxh2+ 39. Kf1 Qb8
40. Re5 Rh1+ 41. Ke2 Rb1 42. Qa3 Qxb2+ 43. Qxb2 Rxb2+ 44. Ke3 h5 45. Ra5 Rb1
46. Rg5 Kh6 47. f4 Re1+ 48. Kd3 f5 49. f3 Kg7 50. Rg2 Ra1 51. Rb2 Ra3+ 52. Ke2
Ra7 53. Kf2 Kf6 54. Kg3 Ra1 55. Rd2 Ra4 56. Rd1 Ke7 57. d5 h4+ 58. Kxh4 Rxf4+
59. Kg3 e5 60. d6+ Kd7 61. Rd5 Ra4 62. Rxe5 Kxd6 63. Re8 Kd7 64. Rg8 Ra6 65.
Rg7+ Ke8 66. Kf4 Kf8 67. Rb7 Ra3 68. Rc7 Ra6 1/2-1/2

[Event "Brühler SK 1 - Düsseldorfer SK 2"]
[Site "NRW-Klasse. Gruppe 1 2017/201"]
[Date "2018.02.18"]
[Round "6.7"]
[White "Kesseler, Heiko"]
[Black "Spilles, Matthias"]
[Result "1/2-1/2"]
[WhiteElo "2017"]
[BlackElo "2139"]
[Annotator "Daniel"]
[PlyCount "59"]
[EventDate "2018.??.??"]
[WhiteTeam "Düsseldorfer SK 2"]
[BlackTeam "Brühler SK 1"]

1. e4 e6 2. d4 d5 3. Nc3 Nf6 4. Bg5 dxe4 5. Nxe4 Be7 6. Nxf6+ Bxf6 7. Bxf6 Qxf6
8. Nf3 O-O 9. Bd3 Nc6 10. O-O e5 11. dxe5 Nxe5 12. Nxe5 Qxe5 13. c3 Re8 14. Qd2
Bf5 15. Bxf5 Qxf5 16. Rad1 g6 17. Rfe1 Re6 18. Rxe6 Qxe6 19. b3 Re8 20. Kf1 Kg7
$11 21. Qd4+ Qe5 22. f4 Qxd4 23. Rxd4 Re7 24. Kf2 f5 25. Ra4 a6 26. Rc4 Kf6 27.
a4 Ke6 28. Rd4 c5 29. Rd2 Rc7 30. Re2+ 1/2-1/2

[Event "Brühler SK 1 - Düsseldorfer SK 2"]
[Site "NRW-Klasse. Gruppe 1 2017/201"]
[Date "2018.02.18"]
[Round "6.8"]
[White "Haskelman, Evgen"]
[Black "Mueller, Michael"]
[Result "1/2-1/2"]
[WhiteElo "2108"]
[BlackElo "2062"]
[Annotator "Daniel"]
[PlyCount "114"]
[EventDate "2018.??.??"]
[WhiteTeam "Brühler SK 1"]
[BlackTeam "Düsseldorfer SK 2"]

1. e4 e6 2. d4 d5 3. e5 c5 4. c3 Nc6 5. Nf3 Nge7 6. Na3 Nf5 7. Nc2 Bd7 8. h4 h5
9. Ne3 cxd4 10. Nxf5 exf5 11. cxd4 Bb4+ 12. Bd2 Qa5 13. a3 Bxd2+ 14. Qxd2 Qxd2+
15. Kxd2 Na5 16. Rb1 f4 17. b4 Nc6 18. b5 Na5 19. Bd3 Rc8 20. Ng1 Nc4+ 21. Bxc4
Rxc4 22. Ne2 f6 $11 23. exf6 O-O 24. fxg7 Kxg7 25. f3 Kg6 26. Rhc1 Rxc1 27.
Nxc1 Kf5 28. Nd3 Rg8 29. Ne1 Rc8 30. b6 a6 31. Rc1 Bc6 32. Rc2 Re8 33. Nd3 Re3
34. Rc3 Bb5 35. Nc1 Re6 36. Rc7 Rxb6 37. Rf7+ Kg6 38. Rxf4 Bf1 39. g4 Bc4 40.
Rf5 hxg4 41. fxg4 Rb2+ 42. Kc3 Rg2 43. h5+ Kh6 44. Rf6+ Kg7 45. Rb6 Rg3+ 46.
Kb4 Rxg4 47. Nb3 Bxb3 48. Kxb3 Rxd4 49. Rxb7+ Kh6 50. Rb6+ Kxh5 51. Rxa6 Kg5
52. a4 Kf5 53. a5 Rd1 54. Rh6 Ra1 55. a6 Ke5 56. Rh5+ Kd4 57. Rh4+ Kc5 1/2-1/2

[Event "SV Sundern 1 - Bielefelder SK 1"]
[Site "NRW-Klasse. Gruppe 1 2017/201"]
[Date "2018.02.18"]
[Round "6.1"]
[White "Forchert, Martin"]
[Black "Ionescu, Doru Alexandru"]
[Result "1-0"]
[WhiteElo "2282"]
[BlackElo "2325"]
[PlyCount "111"]
[EventDate "2018.??.??"]
[WhiteTeam "Bielefelder SK 1"]
[BlackTeam "SV Sundern 1"]

1. e4 e6 2. d4 d5 3. Nd2 Nc6 4. Ngf3 Nf6 5. e5 Nd7 6. Bb5 a6 7. Bxc6 bxc6 8.
Nb3 c5 9. Bg5 Be7 10. Na5 Nb8 11. Bxe7 Qxe7 12. dxc5 Qxc5 13. Qd2 Qb6 14. c4 c5
15. Rc1 d4 16. O-O Bd7 17. Ne1 Bc6 18. f3 Nd7 19. Nd3 O-O 20. Rce1 Rae8 21. Re2
Ba8 22. Rfe1 Re7 23. Nb3 Qc6 24. Qg5 Rfe8 25. Nf4 h6 26. Qg3 Kh7 27. Nc1 Qc7
28. Ncd3 a5 29. Nf2 Rg8 30. Ng4 Ree8 31. Nh5 Qd8 32. f4 Kh8 33. Qh3 Nf8 34.
Nhf6 gxf6 35. Nxh6 Kg7 36. Ng4 Nh7 37. Qh6+ Kh8 38. Nxf6 Rg7 39. Rd1 d3 40.
Nxe8 Qd4+ 41. Kh1 Rg6 42. Qh4 dxe2 43. Rxd4 Rxg2 44. Rd5 Rg4 45. Qxg4 e1=Q+ 46.
Kg2 Bxd5+ 47. cxd5 Qd2+ 48. Kh3 Qe3+ 49. Qg3 Qxg3+ 50. hxg3 exd5 51. Nd6 Kg7
52. Nb7 c4 53. Nxa5 f6 54. Nc6 Kf7 55. Nd4 fxe5 56. fxe5 1-0

[Event "SV Sundern 1 - Bielefelder SK 1"]
[Site "NRW-Klasse. Gruppe 1 2017/201"]
[Date "2018.02.18"]
[Round "6.2"]
[White "Stolte, Alexander"]
[Black "Kruse, Herbert"]
[Result "1/2-1/2"]
[WhiteElo "2173"]
[BlackElo "2175"]
[PlyCount "113"]
[EventDate "2018.??.??"]
[WhiteTeam "SV Sundern 1"]
[BlackTeam "Bielefelder SK 1"]

1. d4 Nf6 2. Nf3 e6 3. Bg5 c5 4. e3 Qb6 5. Qc1 Nc6 6. c3 d5 7. Nbd2 Bd7 8. Bd3
Rc8 9. Qb1 Be7 10. O-O h6 11. Bf4 Nh5 12. Be5 c4 13. Bc2 Nf6 14. h3 Nxe5 15.
Nxe5 Qc7 16. f4 Bd6 17. Qd1 Bc6 18. Qe2 b5 19. e4 dxe4 20. Nxe4 Bxe4 21. Bxe4
Nxe4 22. Qxe4 Bxe5 23. fxe5 Qc6 24. Qg4 g6 25. Rf3 Rc7 26. Raf1 Re7 27. Qf4 h5
28. Qf6 Rg8 29. Qh4 Qb7 30. Qf2 Rg7 31. Qe3 Rh7 32. Qe2 a6 33. a4 Kf8 34. axb5
axb5 35. Qe3 Kg8 36. Qg5 Rd7 37. Rf4 Qa8 38. Kh2 Rg7 39. R1f3 Qd8 40. Rf6 Qa8
41. Qe3 Qb7 42. Rf1 Qa8 43. Qg1 Qe4 44. R6f4 Qb7 45. h4 Qa8 46. Ra1 Qb8 47. g3
Kh7 48. Qf1 Qb7 49. Ra5 Qc6 50. Qa1 Rg8 51. Qf1 Kg7 52. Qf3 Qxf3 53. Rxf3 Rb8
54. b4 cxb3 55. Ra3 Rc8 56. Rxb3 Rd5 57. Kg2 1/2-1/2

[Event "SV Sundern 1 - Bielefelder SK 1"]
[Site "NRW-Klasse. Gruppe 1 2017/201"]
[Date "2018.02.18"]
[Round "6.3"]
[White "Simon, Hans Christian"]
[Black "Tillmann, Markus"]
[Result "1-0"]
[WhiteElo "2141"]
[BlackElo "2064"]
[PlyCount "109"]
[EventDate "2018.??.??"]
[WhiteTeam "Bielefelder SK 1"]
[BlackTeam "SV Sundern 1"]

1. Nf3 d5 2. g3 Nf6 3. Bg2 g6 4. O-O Bg7 5. d4 O-O 6. c4 c6 7. cxd5 cxd5 8. Nc3
Nc6 9. Ne5 Be6 10. Nxc6 bxc6 11. Na4 Ne4 12. Be3 Nd6 13. f3 Nc4 14. Bf2 Bh6 15.
Qd3 f5 16. b3 Nd6 17. Nc5 Bc8 18. e3 a5 19. Rac1 Qb6 20. Qc2 Qa7 21. Rfd1 Rb8
22. Bf1 Nf7 23. Nd3 Bd7 24. Qc5 Ra8 25. Qxa7 Rxa7 26. Nc5 Bc8 27. Na4 Nd8 28.
f4 Be6 29. Be1 g5 30. Rc5 gxf4 31. gxf4 Bf7 32. Be2 Kh8 33. Rxa5 Rxa5 34. Bxa5
Ne6 35. Bd2 Ng7 36. Rc1 Rg8 37. Kf2 Ne8 38. Rxc6 Nd6 39. Bf3 Bg7 40. Nc3 Bf6
41. Kf1 Ne4 42. Be1 Ra8 43. a4 Kg7 44. Be2 Kh6 45. Nxe4 fxe4 46. Bh4 Be8 47.
Rb6 Bh5 48. Bxf6 exf6 49. Rxf6+ Kg7 50. Rd6 Bxe2+ 51. Kxe2 Rb8 52. Rxd5 Rxb3
53. Re5 Rb2+ 54. Kf1 Kf6 55. h3 1-0

[Event "SV Sundern 1 - Bielefelder SK 1"]
[Site "NRW-Klasse. Gruppe 1 2017/201"]
[Date "2018.02.18"]
[Round "6.4"]
[White "Plass, Mariana-Camelia"]
[Black "Goeßling, Guido"]
[Result "1-0"]
[WhiteElo "2015"]
[BlackElo "2127"]
[PlyCount "89"]
[EventDate "2018.??.??"]
[WhiteTeam "SV Sundern 1"]
[BlackTeam "Bielefelder SK 1"]

1. d4 d5 2. Nf3 Nf6 3. c4 c6 4. cxd5 cxd5 5. Bf4 Nc6 6. Nc3 e6 7. e3 Nh5 8. Bg5
Qb6 9. Rb1 h6 10. Bh4 g5 11. Nd2 Ng7 12. Bg3 Nf5 13. Be5 Nxe5 14. dxe5 Bg7 15.
e4 dxe4 16. Nc4 Qc6 17. Qc2 O-O 18. Qxe4 Qxe4+ 19. Nxe4 b5 20. Ncd6 a6 21. h4
Nxh4 22. f4 Ng6 23. fxg5 hxg5 24. Nf6+ Bxf6 25. exf6 Rd8 26. Rd1 Ra7 27. Nxc8
Rxc8 28. Rh5 Rac7 29. Rxg5 Rc5 30. Rd8+ Kh7 31. Rxc5 Rxc5 32. Bd3 Kh6 33. Rg8
Nf4 34. Bf1 Rc2 35. g3 Ng2+ 36. Bxg2 Rxg2 37. b4 Rxa2 38. g4 Rc2 39. g5+ Kh7
40. Rg7+ Kh8 41. Rxf7 Rg2 42. Rg7 e5 43. g6 e4 44. Rh7+ Kg8 45. f7+ 1-0

[Event "SV Sundern 1 - Bielefelder SK 1"]
[Site "NRW-Klasse. Gruppe 1 2017/201"]
[Date "2018.02.18"]
[Round "6.5"]
[White "Roemhild, Marcus"]
[Black "Plass, Heinz"]
[Result "1-0"]
[WhiteElo "2012"]
[BlackElo "2026"]
[PlyCount "67"]
[EventDate "2018.??.??"]
[WhiteTeam "Bielefelder SK 1"]
[BlackTeam "SV Sundern 1"]

1. c4 f5 2. Nf3 Nf6 3. Nc3 g6 4. g3 Bg7 5. Bg2 O-O 6. O-O d6 7. d3 Nc6 8. Rb1
a5 9. a3 Nh5 10. Nd5 e6 11. Nf4 Nxf4 12. gxf4 Nd4 13. Nxd4 Bxd4 14. e3 Bf6 15.
b4 axb4 16. axb4 c6 17. b5 d5 18. Qb3 g5 19. fxg5 Bxg5 20. Kh1 f4 21. Rg1 f3
22. Bh3 Kf7 23. bxc6 bxc6 24. cxd5 cxd5 25. Bg4 Kg6 26. e4 h6 27. exd5 exd5 28.
Bxc8 Rxc8 29. h4 Qd7 30. Rg3 Qd6 31. Kh2 Rb8 32. Qa2 Ra8 33. Qc2 Rac8 34. Qd1
1-0

[Event "SV Sundern 1 - Bielefelder SK 1"]
[Site "NRW-Klasse. Gruppe 1 2017/201"]
[Date "2018.02.18"]
[Round "6.6"]
[White "Schulte, Josef"]
[Black "Danielmeier, Ralf"]
[Result "1/2-1/2"]
[WhiteElo "1939"]
[BlackElo "2001"]
[PlyCount "23"]
[EventDate "2018.??.??"]
[WhiteTeam "SV Sundern 1"]
[BlackTeam "Bielefelder SK 1"]

1. d4 Nf6 2. c4 g6 3. Nc3 d5 4. cxd5 Nxd5 5. e4 Nxc3 6. bxc3 Bg7 7. Bc4 O-O 8.
Ne2 c5 9. Be3 Nc6 10. O-O Bg4 11. f3 Bd7 12. Qd2 1/2-1/2

[Event "SV Sundern 1 - Bielefelder SK 1"]
[Site "NRW-Klasse. Gruppe 1 2017/201"]
[Date "2018.02.18"]
[Round "6.7"]
[White "Gruettemeier, Uwe"]
[Black "Kevekordes, Peter"]
[Result "0-1"]
[WhiteElo "2009"]
[BlackElo "1863"]
[PlyCount "85"]
[EventDate "2018.??.??"]
[WhiteTeam "Bielefelder SK 1"]
[BlackTeam "SV Sundern 1"]

1. d4 d5 2. Nf3 c6 3. c4 dxc4 4. Nc3 b5 5. e4 e6 6. e5 Bb4 7. Bd2 Bxc3 8. bxc3
Bb7 9. Ng5 Ne7 10. Qh5 Ng6 11. Be2 Qe7 12. Bf3 h6 13. Ne4 O-O 14. Nd6 Rd8 15.
Be4 Nf8 16. Bf4 a5 17. g4 Rxd6 18. exd6 Qd7 19. O-O Na6 20. g5 hxg5 21. Qxg5
Rc8 22. Be5 f5 23. Bg2 c5 24. Bxb7 Qxb7 25. Rad1 b4 26. dxc5 Qf7 27. Rd4 Rxc5
28. d7 Nxd7 29. Qd8+ Nf8 30. Qd6 Qb7 31. Rc1 b3 32. a3 a4 33. Re1 Qb5 34. Rdd1
Nc7 35. Bd4 Rc6 36. Qe7 e5 37. Rxe5 Rg6+ 38. Kf1 Qc6 39. Bc5 Qg2+ 40. Ke1 Nce6
41. Qd6 Qf3 42. Re2 Qxc3+ 43. Kf1 0-1